| 000 | 00910nam a2200229Ii 4500 | ||
|---|---|---|---|
| 003 | JO-AjNU | ||
| 008 | 230605s9999||||xx |||||||||||||| ||und|| | ||
| 017 | _a1431/5059 | ||
| 020 | _a978-603-8004-59-3 | ||
| 040 |
_aJO-AjNU _bara _erda _cJO-AjNU |
||
| 041 | _aara | ||
| 050 | 1 | 4 | _aHV2474 2010 |
| 100 | 3 |
_aتأليف: خصاونة، محمد احمد / م.مشارك: محمد عبد ربه الخوالدة، عنان راشد ابو مريم, _eauthor _931686 |
|
| 245 | 0 | 0 | _aالمدخل الى الاعاقة السمعية |
| 250 | _aط1 | ||
| 264 | 3 | 1 | _aحائل: دار الاندلس للنشر والتوزيع، 2010 |
| 300 |
_a308ص _bيحتوي على ببلوغرافية من 271-308ص |
||
| 336 |
_atext _btxt _2rdacontent |
||
| 337 |
_aunmediated _bn _2rdamedia |
||
| 338 |
_avolume _bnc _2rdacarrier |
||
| 650 | 4 |
_aالاعاقة السمعية - الصم والبكم - رعاية _931687 |
|
| 999 |
_aA12701 _c16269 _d16269 |
||